[Event "HUN-chT2 Charousek 0910"]
[Site "Hungary"]
[Date "2009.11.22"]
[Round "2"]
[White "Teglas, Balazs"]
[Black "Simon, Zsuzsanna"]
[Result "1-0"]
[WhiteElo "2172"]
[BlackElo "2093"]
[PlyCount "67"]
[EventDate "2009.11.08"]
[EventType "team-tourn"]
[EventRounds "11"]
[EventCountry "HUN"]
[SourceTitle "EXT 2011"]
[Source "ChessBase"]
[SourceDate "2010.11.26"]
[SourceVersion "1"]
[SourceVersionDate "2010.11.26"]
[SourceQuality "1"]
[WhiteTeam "Hobagoly"]
[BlackTeam "Paks II"]
[WhiteTeamCountry "HUN"]
[BlackTeamCountry "HUN"]

1. d4 Nf6 2. Bf4 d6 3. e3 g6 4. h3 Bg7 5. Nf3 Nbd7 6. Be2 0-0 7. 0-0 c5 8. c3 b6 9. a4 Bb7 10. a5 Nd5 11. Bh2 Nc7 12. Na3 Bc6 13. b4 cxb4 14. cxb4 Nd5 15. Qd2 bxa5 16. b5 Bb7 17. Nc4 N7f6 18. Nxa5 Qd7 19. Bd3 Nb6 20. Nxb7 Qxb7 21. Ra3 Rfc8 22. Qa2 Rc7 23. Ra1 Nbd5 24. Bf1 Rc3 25. Nd2 Rxa3 26. Qxa3 Nc7 27. Qa5 Qb6 28. Nb3 Nfd5 29. Rc1 Qxa5 30. Nxa5 Ne6 31. Nc6 Nd8 32. Bc4 Nb6 33. Nxe7+ Kf8 34. Bxd6 1-0

[Event "HUN-chT2 Charousek 0809"]
[Site "Hungary"]
[Date "2008.10.26"]
[Round "1"]
[White "Guzs, Laszlo"]
[Black "Simon, Zsuzsanna"]
[Result "1-0"]
[WhiteElo "2044"]
[BlackElo "2107"]
[PlyCount "35"]
[EventDate "2008.10.26"]
[EventType "team-tourn"]
[EventRounds "11"]
[EventCountry "HUN"]
[SourceTitle "EXT 2010"]
[Source "ChessBase"]
[SourceDate "2010.11.25"]
[SourceVersion "1"]
[SourceVersionDate "2010.11.25"]
[SourceQuality "1"]
[WhiteTeam "Gyor Elektromos"]
[BlackTeam "Paks II"]
[WhiteTeamCountry "HUN"]
[BlackTeamCountry "HUN"]

1. d4 Nf6 2. c4 e6 3. Nc3 d5 4. Bg5 c6 5. cxd5 exd5 6. Qc2 Be7 7. e3 Nbd7 8. Bd3 b6 9. Nf3 Bb7 10. 0-0 h6 11. Bh4 0-0 12. Rfd1 Re8 13. Rac1 Rc8 14. Bf5 c5 15. dxc5 Rxc5 16. Qb3 Qc7 17. Bg3 Bd6 18. Nb5 1-0

[Event "HUN-chT2 Charousek 0607"]
[Site "Hungary"]
[Date "2006.11.12"]
[Round "1"]
[White "Szekely, Ferenc"]
[Black "Simon, Zsuzsanna"]
[Result "1-0"]
[WhiteElo "2238"]
[BlackElo "2125"]
[PlyCount "83"]
[EventDate "2006.11.12"]
[EventType "team"]
[EventRounds "11"]
[EventCountry "HUN"]
[SourceTitle "EXT 2008"]
[Source "ChessBase"]
[SourceDate "2007.11.25"]
[SourceVersion "1"]
[SourceVersionDate "2007.11.25"]
[SourceQuality "1"]
[WhiteTeam "Szenna Pack"]
[BlackTeam "Paks II"]
[WhiteTeamCountry "HUN"]
[BlackTeamCountry "HUN"]

1. e4 e6 2. d4 d5 3. Nd2 Nc6 4. Ngf3 Nf6 5. e5 Nd7 6. c3 f6 7. exf6 Qxf6 8. Bb5 Bd6 9. 0-0 Ne7 10. Nb3 c6 11. Bd3 b6 12. Bg5 Qf7 13. Re1 Nf6 14. Qc2 h6 15. Bh4 Bd7 16. Bg3 Bxg3 17. fxg3 0-0-0 18. Ne5 Qh5 19. h3 Rdf8 20. c4 Qg5 21. Kh2 h5 22. Nxd7 Kxd7 23. Qe2 e5 24. Qxe5 Qxe5 25. Rxe5 dxc4 26. Bxc4 Ned5 27. a4 Re8 28. a5 b5 29. Bxd5 Nxd5 30. Nc5+ Kd6 31. Rae1 Rxe5 32. Rxe5 Rh6 33. Rg5 g6 34. Re5 Nc7 35. Ne4+ Kd7 36. g4 hxg4 37. Nf6+ Kd6 38. Nxg4 Rh8 39. Rg5 Ne6 40. Rxg6 Kd5 41. Ne3+ Kd6 42. Nf5+ 1-0

[Event "HUN-chT (Women)"]
[Site "Budapest"]
[Date "2005.04.22"]
[Round "4"]
[White "Dudas, Eszter"]
[Black "Simon, Zsuzsanna"]
[Result "1/2-1/2"]
[WhiteElo "2002"]
[BlackElo "2142"]
[PlyCount "92"]
[EventDate "2005.04.19"]
[EventType "team"]
[EventRounds "9"]
[EventCountry "HUN"]
[SourceTitle "CBM 105 Extra"]
[Source "ChessBase"]
[SourceDate "2005.05.01"]
[SourceVersion "1"]
[SourceVersionDate "2005.05.01"]
[SourceQuality "1"]

1. e4 c5 2. c3 d5 3. exd5 Qxd5 4. d4 Nf6 5. Nf3 Bg4 6. Be2 Nc6 7. Be3 e6 8. 0-0 Bd6 9. h3 Bxf3 10. Bxf3 Qf5 11. Qa4 0-0 12. Bxc6 bxc6 13. Qxc6 cxd4 14. Bxd4 Rfd8 15. Qf3 Qxf3 16. gxf3 Nd5 17. Nd2 Nf4 18. Ne4 Nxh3+ 19. Kh1 f5 20. Nxd6 Rxd6 21. f4 g5 22. fxg5 Nxg5 23. Rg1 h6 24. f4 e5 25. Bxe5 Re6 26. Bd4 Rg6 27. fxg5 hxg5 28. Kg2 Kf7 29. Rh1 a6 30. Rae1 Rb8 31. Rh7+ Kf8 32. b4 a5 33. Ree7 axb4 34. Rc7 Rg8 35. Rhf7+ Ke8 36. Rfe7+ Kd8 37. Bf6 Rg6 38. Rh7+ Rxf6 39. cxb4 Rh6 40. Rhd7+ Ke8 41. a3 Rc6 42. Rh7 Rxc7 43. Rxc7 Ra8 44. Rc3 Ke7 45. b5 Kd6 46. Rc6+ Kd7 1/2-1/2

[Event "HUN-chT (Women)"]
[Site "Budapest"]
[Date "2005.04.20"]
[Round "2"]
[White "Szabo, Noemi"]
[Black "Simon, Zsuzsanna"]
[Result "1-0"]
[WhiteElo "1955"]
[BlackElo "2142"]
[PlyCount "63"]
[EventDate "2005.04.19"]
[EventType "team"]
[EventRounds "9"]
[EventCountry "HUN"]
[SourceTitle "CBM 105 Extra"]
[Source "ChessBase"]
[SourceDate "2005.05.01"]
[SourceVersion "1"]
[SourceVersionDate "2005.05.01"]
[SourceQuality "1"]

1. e4 c5 2. Nf3 d6 3. d4 cxd4 4. Nxd4 Nf6 5. Nc3 a6 6. f3 Nc6 7. Be3 e5 8. Nb3 Be6 9. Qd2 Qd7 10. 0-0-0 Rc8 11. Na4 Qc7 12. Nb6 Rd8 13. Bc4 Bxc4 14. Nxc4 Nd4 15. Bxd4 Qxc4 16. Bxe5 Rc8 17. Bc3 Be7 18. Qd4 Qxd4 19. Nxd4 0-0 20. Nf5 Rc7 21. Nxe7+ Rxe7 22. Rxd6 Nh5 23. Rd2 Rfe8 24. g3 f6 25. Rhd1 Kf7 26. Bb4 Re5 27. Bd6 Ra5 28. g4 Rxa2 29. Kb1 Ra5 30. Rd5 Rxd5 31. Rxd5 Rd8 32. gxh5 1-0

[Event "HUN-chT2 Asztalos 0405"]
[Site "Hungary"]
[Date "2004.10.10"]
[Round "2"]
[White "Simon, Zsuzsanna"]
[Black "Horvath, Sandor2222"]
[Result "1/2-1/2"]
[WhiteElo "2142"]
[BlackElo "2078"]
[PlyCount "54"]
[EventDate "2004.09.26"]
[EventType "team"]
[EventRounds "11"]
[EventCountry "HUN"]
[SourceTitle "EXT 2009"]
[Source "ChessBase"]
[SourceDate "2008.11.26"]
[SourceVersion "1"]
[SourceVersionDate "2008.11.26"]
[SourceQuality "1"]
[WhiteTeam "Paks II"]
[BlackTeam "Fehervar"]
[WhiteTeamCountry "HUN"]
[BlackTeamCountry "HUN"]

1. d4 Nf6 2. Nc3 g6 3. e4 d6 4. f3 Bg7 5. Be3 0-0 6. Qd2 e5 7. d5 Ne8 8. 0-0-0 f5 9. Kb1 f4 10. Bf2 Bf6 11. Be1 Ng7 12. Nge2 Bg5 13. Nc1 a6 14. Nd3 b5 15. Rc1 Bd7 16. Nd1 a5 17. c4 bxc4 18. Rxc4 c6 19. Nc3 c5 20. Nd1 Bb5 21. Rc3 Ba6 22. Ra3 Nd7 23. Nc1 Qb6 24. Bxa6 Rxa6 25. Qc3 Rfa8 26. Nb3 Qb4 27. Nd2 Nb6 1/2-1/2

[Event "HUN-chT2 Charousek 0304"]
[Site "Hungary"]
[Date "2004.01.25"]
[Round "6"]
[White "Vargyas, Zoltan"]
[Black "Simon, Zsuzsanna"]
[Result "1-0"]
[WhiteElo "2097"]
[BlackElo "2124"]
[PlyCount "109"]
[EventDate "2003.09.28"]
[EventType "team"]
[EventRounds "11"]
[EventCountry "HUN"]
[SourceTitle "EXT 2005"]
[Source "ChessBase"]
[SourceDate "2004.11.15"]
[SourceVersion "1"]
[SourceVersionDate "2004.11.15"]
[SourceQuality "1"]

1. e4 e6 2. d4 d5 3. Nc3 Bb4 4. e5 c5 5. a3 Bxc3+ 6. bxc3 Qc7 7. Qg4 Ne7 8. Qxg7 Rg8 9. Qxh7 cxd4 10. Ne2 dxc3 11. f4 Nbc6 12. Qd3 Bd7 13. Rb1 0-0-0 14. Qxc3 Nf5 15. Rg1 f6 16. exf6 d4 17. Qc5 Be8 18. g4 Rd5 19. Qc4 Nd6 20. Qd3 e5 21. Bg2 Rc5 22. Bxc6 Bxc6 23. fxe5 Rxe5 24. Bf4 Re6 25. Kd2 Be4 26. Qb3 Nc4+ 27. Kc1 Qc5 28. f7 Rf8 29. Qb4 Qxb4 30. Rxb4 Bd5 31. Nxd4 Re4 32. Nf5 Rxf7 33. Bg3 Kd7 34. h3 Rh7 35. Bh4 Nxa3 36. Rxe4 Bxe4 37. Rd1+ Kc6 38. Rd4 Bxf5 39. gxf5 Nb5 40. Rf4 Nd6 41. f6 Nf7 42. Bf2 Rxh3 43. Bxa7 Kd5 44. Bd4 Rh2 45. Kb2 Re2 46. Bc3 Ke6 47. Kb3 Nd8 48. Bb2 Nf7 49. Bd4 Nd6 50. c3 Kf7 51. Kb4 Re6 52. Rh4 Nf5 53. Rh7+ Kg8 54. Rxb7 Nxd4 55. f7+ 1-0

[Event "HUN-chT2 Charousek 0304"]
[Site "Hungary"]
[Date "2003.12.21"]
[Round "1"]
[White "Preisz, Balazs"]
[Black "Simon, Zsuzsanna"]
[Result "0-1"]
[WhiteElo "2124"]
[BlackElo "2124"]
[PlyCount "114"]
[EventDate "2003.09.28"]
[EventType "team"]
[EventRounds "11"]
[EventCountry "HUN"]
[SourceTitle "EXT 2005"]
[Source "ChessBase"]
[SourceDate "2004.11.15"]
[SourceVersion "1"]
[SourceVersionDate "2004.11.15"]
[SourceQuality "1"]

1. e4 e6 2. d4 d5 3. Nc3 Bb4 4. e5 c5 5. a3 Bxc3+ 6. bxc3 Ne7 7. Qg4 Qc7 8. Qxg7 Rg8 9. Qxh7 cxd4 10. Qd3 dxc3 11. Ne2 Qxe5 12. Bf4 Qf5 13. Qxf5 Nxf5 14. Nxc3 a6 15. 0-0-0 Nd7 16. Bd3 Ne7 17. Rhe1 b6 18. h4 Bb7 19. h5 0-0-0 20. h6 Ng6 21. Bxg6 Rxg6 22. Rd3 Nc5 23. Rh3 f6 24. h7 Rh8 25. Bd6 e5 26. g3 Kd7 27. Bxe5 fxe5 28. Rxe5 Kd6 29. Rhh5 Nd7 30. Ref5 Nf6 31. Rh2 Ke6 32. Rf4 Rg4 33. Rxg4 Nxg4 34. Rh5 Nf6 35. Rg5 Rxh7 36. Na4 b5 37. Nc5+ Kd6 38. Nxb7+ Rxb7 39. Rg6 Ke6 40. Kb2 Kf5 41. Rh6 a5 42. Rh8 Ne4 43. Ra8 a4 44. Rd8 Ke6 45. Rf8 Rf7 46. Rxf7 Kxf7 47. f3 Nxg3 48. Kc3 Nf5 49. Kb4 Nd6 50. c3 Kf6 51. Kc5 Ke6 52. Kb4 Ke5 53. Kc5 Ne4+ 54. Kxb5 Nxc3+ 55. Kb4 d4 56. Kc4 Ne2 57. Kd3 Nf4+ 0-1

[Event "HUN-chT2 Charousek 0304"]
[Site "Hungary"]
[Date "2003.11.30"]
[Round "4"]
[White "Molnar, Emil"]
[Black "Simon, Zsuzsanna"]
[Result "0-1"]
[WhiteElo "2177"]
[BlackElo "2124"]
[PlyCount "72"]
[EventDate "2003.09.28"]
[EventType "team"]
[EventRounds "11"]
[EventCountry "HUN"]
[SourceTitle "EXT 2005"]
[Source "ChessBase"]
[SourceDate "2004.11.15"]
[SourceVersion "1"]
[SourceVersionDate "2004.11.15"]
[SourceQuality "1"]

1. Nf3 c5 2. c4 d6 3. g3 Nc6 4. Bg2 Nf6 5. 0-0 e6 6. Nc3 Be7 7. d4 0-0 8. dxc5 dxc5 9. Bf4 Nd7 10. Bd6 Nb6 11. Ne4 f5 12. Bxe7 Qxe7 13. Ned2 e5 14. e4 f4 15. Rc1 Bg4 16. h3 Be6 17. b4 cxb4 18. c5 Nd7 19. Nc4 Rad8 20. Qd6 Bxc4 21. Rxc4 Qxd6 22. cxd6 Nb6 23. Rxc6 bxc6 24. Nxe5 fxg3 25. Nxc6 gxf2+ 26. Rxf2 Rxf2 27. Kxf2 Rxd6 28. e5 Rd2+ 29. Kg3 Rxa2 30. Nxb4 Ra3+ 31. Kf2 a5 32. Nc6 Kf7 33. Bf3 a4 34. Bg4 Rc3 35. e6+ Ke8 36. Nd4 a3 0-1

[Event "HUN-chT2 Charousek 0304"]
[Site "Hungary"]
[Date "2003.11.16"]
[Round "3"]
[White "Bors, Sandor"]
[Black "Simon, Zsuzsanna"]
[Result "1/2-1/2"]
[WhiteElo "2153"]
[BlackElo "2124"]
[PlyCount "33"]
[EventDate "2003.09.28"]
[EventType "team"]
[EventRounds "11"]
[EventCountry "HUN"]
[SourceTitle "EXT 2005"]
[Source "ChessBase"]
[SourceDate "2004.11.15"]
[SourceVersion "1"]
[SourceVersionDate "2004.11.15"]
[SourceQuality "1"]

1. e4 e6 2. d4 d5 3. Nd2 Nc6 4. Ngf3 Nf6 5. e5 Nd7 6. c3 f6 7. exf6 Qxf6 8. Bd3 e5 9. dxe5 Ndxe5 10. Be2 Bd6 11. Nb3 Be6 12. Nbd4 Nxd4 13. cxd4 Nxf3+ 14. Bxf3 c6 15. 0-0 0-0 16. Be3 Rae8 17. a3 1/2-1/2

[Event "Szombathely Savaria op 3rd"]
[Site "Szombathely"]
[Date "2003.07.26"]
[Round "8"]
[White "Macsik, Tamas"]
[Black "Simon, Zsuzsanna"]
[Result "1-0"]
[WhiteElo "2299"]
[BlackElo "2124"]
[PlyCount "65"]
[EventDate "2003.07.19"]
[EventType "swiss"]
[EventRounds "9"]
[EventCountry "HUN"]
[SourceTitle "CBM 095 Extra"]
[Source "ChessBase"]
[SourceDate "2003.09.04"]
[SourceVersion "1"]
[SourceVersionDate "2003.09.04"]
[SourceQuality "1"]

1. d4 Nf6 2. c4 Nc6 3. Nf3 e6 4. g3 Bb4+ 5. Bd2 Qe7 6. Bg2 0-0 7. 0-0 Bxd2 8. Nbxd2 d6 9. e4 e5 10. d5 Nb8 11. Ne1 a5 12. Nd3 Na6 13. Qe2 Nd7 14. b3 Ndc5 15. a3 f5 16. Nxc5 Nxc5 17. b4 Nxe4 18. Nxe4 fxe4 19. Qxe4 Qg5 20. c5 b6 21. cxb6 cxb6 22. Rfc1 Bf5 23. Qe1 Rfc8 24. h4 Qd8 25. Rc6 axb4 26. Qxb4 Rxc6 27. dxc6 d5 28. c7 Qd7 29. Qxb6 Rc8 30. Rc1 e4 31. Bf1 Qa4 32. Qd6 Qa5 33. Rc5 1-0

[Event "Szombathely Savaria op 3rd"]
[Site "Szombathely"]
[Date "2003.07.22"]
[Round "4"]
[White "Rat, Dan Ovidiu"]
[Black "Simon, Zsuzsanna"]
[Result "0-1"]
[WhiteElo "2316"]
[BlackElo "2124"]
[PlyCount "142"]
[EventDate "2003.07.19"]
[EventType "swiss"]
[EventRounds "9"]
[EventCountry "HUN"]
[SourceTitle "CBM 095 Extra"]
[Source "ChessBase"]
[SourceDate "2003.09.04"]
[SourceVersion "1"]
[SourceVersionDate "2003.09.04"]
[SourceQuality "1"]

1. c4 Nf6 2. g3 e6 3. Nf3 d5 4. b3 c6 5. Bg2 Bd6 6. Bb2 Nbd7 7. 0-0 0-0 8. d3 Qc7 9. Qc2 b6 10. Nbd2 Bb7 11. e4 dxe4 12. dxe4 e5 13. Nh4 g6 14. Kh1 Ne8 15. Rad1 Ng7 16. Ndf3 Nf6 17. Ne1 Ne6 18. f4 Ne8 19. f5 Nc5 20. Nef3 a5 21. Qe2 a4 22. b4 Nd7 23. a3 Nef6 24. Nd2 Rfd8 25. Qe3 Bf8 26. h3 Bg7 27. g4 Nb8 28. Bf3 c5 29. b5 Qd6 30. Nb1 Qc7 31. Rxd8+ Qxd8 32. Ng2 Qc7 33. Nc3 h6 34. h4 Nbd7 35. Kh2 Ne8 36. Be2 Nd6 37. Nd5 Bxd5 38. exd5 e4 39. Bxg7 Nxf5+ 40. Qf4 Qxf4+ 41. Rxf4 Nxg7 42. Rxe4 Nf6 43. Re3 Kf8 44. Kg3 h5 45. Re5 Nxg4 46. Bxg4 hxg4 47. Kxg4 f6 48. Re1 Kf7 49. Nf4 Re8 50. Rd1 Nf5 51. Rc1 Re4 52. Kf3 Re3+ 53. Kf2 Rxa3 54. Rd1 Nd6 55. Re1 Ra2+ 56. Kf3 Nxc4 57. Re6 g5 58. hxg5 fxg5 59. Nd3 Rd2 60. Ne5+ Nxe5+ 61. Rxe5 a3 62. Re3 a2 63. Ra3 Rxd5 64. Rxa2 c4 65. Rc2 Rc5 66. Rc3 Ke6 67. Ke4 g4 68. Kf4 Kd5 69. Kxg4 Kd4 70. Rc1 c3 71. Kf3 Kd3 0-1

[Event "Szombathely Savaria op 3rd"]
[Site "Szombathely"]
[Date "2003.07.20"]
[Round "2"]
[White "Zakharchenko, Arnold"]
[Black "Simon, Zsuzsanna"]
[Result "1-0"]
[WhiteElo "2351"]
[BlackElo "2124"]
[PlyCount "45"]
[EventDate "2003.07.19"]
[EventType "swiss"]
[EventRounds "9"]
[EventCountry "HUN"]
[SourceTitle "CBM 095 Extra"]
[Source "ChessBase"]
[SourceDate "2003.09.04"]
[SourceVersion "1"]
[SourceVersionDate "2003.09.04"]
[SourceQuality "1"]

1. c4 Nf6 2. Nc3 e6 3. d4 d5 4. cxd5 exd5 5. Bg5 c6 6. Qc2 Be7 7. e3 h6 8. Bh4 Nbd7 9. Bd3 Nb6 10. Nf3 0-0 11. 0-0 Re8 12. Bxf6 Bxf6 13. b4 Qd6 14. b5 Bg4 15. bxc6 bxc6 16. Nd2 Rab8 17. Nb3 Bd8 18. Nc5 Nd7 19. N3a4 Bc7 20. g3 Bb6 21. Rfc1 Nxc5 22. dxc5 Bxc5 23. Qxc5 1-0

[Event "HUN-chT2 Charousek 0203"]
[Site "Hungary"]
[Date "2003.02.16"]
[Round "7.8"]
[White "Simon, Zsuzsanna"]
[Black "Akots, Gabor"]
[Result "0-1"]
[WhiteElo "2122"]
[BlackElo "2100"]
[PlyCount "84"]
[EventDate "2002.09.22"]
[EventType "team"]
[EventRounds "11"]
[EventCountry "HUN"]
[SourceTitle "EXT 2004"]
[Source "ChessBase"]
[SourceDate "2003.11.25"]
[SourceVersion "1"]
[SourceVersionDate "2003.11.25"]
[SourceQuality "1"]
[WhiteTeam "Paks ASE II"]
[BlackTeam "Geniusz Tata"]
[WhiteTeamCountry "HUN"]
[BlackTeamCountry "HUN"]

1. d4 d5 2. Nc3 Nf6 3. Bg5 c5 4. Bxf6 gxf6 5. e4 dxe4 6. dxc5 Qa5 7. Qh5 e6 8. 0-0-0 Qxc5 9. Nxe4 Qxh5 10. Nxf6+ Ke7 11. Nxh5 Bh6+ 12. Kb1 b6 13. Be2 Bb7 14. Bf3 Nc6 15. Ne2 Rhd8 16. Nhg3 Bg7 17. Nf4 Rac8 18. c3 Ba6 19. Rde1 Ne5 20. Be4 h6 21. Bc2 Bc4 22. Nfh5 Bh8 23. f4 Nd3 24. Bxd3 Bxd3+ 25. Ka1 Rxc3 26. f5 Rc2 27. f6+ Bxf6 28. Nxf6 Kxf6 29. Nh5+ Ke7 30. g4 Bg6 31. Nf4 Rdd2 32. Nxg6+ fxg6 33. Re3 Rxh2 34. Rhe1 Rc6 35. b4 Rg2 36. b5 Rd6 37. Re4 Rgd2 38. Ra4 Rd1+ 39. Rxd1 Rxd1+ 40. Kb2 Rd7 41. Kc3 Kf6 42. a3 h5 0-1

[Event "EU-ch U18 Girls"]
[Site "Peniscola"]
[Date "2002.10.03"]
[Round "5"]
[White "Costantini, Laura"]
[Black "Simon, Zsuzsanna"]
[Result "0-1"]
[WhiteElo "2047"]
[BlackElo "2122"]
[PlyCount "67"]
[EventDate "2002.09.29"]
[EventType "swiss"]
[EventRounds "9"]
[EventCountry "ESP"]
[SourceTitle "CBM 090 Extra"]
[Source "ChessBase"]
[SourceDate "2002.11.07"]
[SourceVersion "1"]
[SourceVersionDate "2002.11.07"]
[SourceQuality "1"]

1. e4 e6 2. d4 d5 3. Nc3 Bb4 4. Nge2 Nc6 5. a3 Bxc3+ 6. Nxc3 dxe4 7. Bf4 Nf6 8. Bb5 Nd5 9. Bxc6+ bxc6 10. Be5 f6 11. Bg3 Nxc3 12. bxc3 0-0 13. 0-0 Qd5 14. Re1 Ba6 15. Qg4 f5 16. Qg5 Rf6 17. Be5 Rg6 18. Qe3 Qd8 19. Kh1 Qe7 20. Reb1 Rf8 21. Rb4 Qh4 22. Bf4 Rg4 23. g3 Qh3 24. Rg1 Rg6 25. c4 c5 26. Ra4 cxd4 27. Qxd4 Bb7 28. Rxa7 Ba8 29. Qe3 Rd8 30. Rxc7 Kh8 31. c5 Bd5 32. c6 Ra8 33. Ra7 Rxa7 34. Qxa7 0-1

[Event "EU-chT U18 Girls 3th"]
[Site "Balatonlelle"]
[Date "2002.06.14"]
[Round "2"]
[White "Rozic, Vesna"]
[Black "Simon, Zsuzsanna"]
[Result "1-0"]
[WhiteElo "2109"]
[BlackElo "2069"]
[PlyCount "119"]
[EventDate "2002.06.13"]
[EventType "team-swiss"]
[EventRounds "7"]
[EventCountry "HUN"]
[SourceTitle "EXT 2020"]
[Source "ChessBase"]
[SourceDate "2019.10.17"]
[SourceVersion "1"]
[SourceVersionDate "2019.10.17"]
[SourceQuality "1"]
[WhiteTeam "Slovenia U18 (W)"]
[BlackTeam "Hungary U18 (W)"]
[WhiteTeamCountry "SLO"]
[BlackTeamCountry "HUN"]

1. d4 Nf6 2. Nf3 e6 3. Bf4 c5 4. c3 b6 5. e3 Bb7 6. Bd3 Be7 7. h3 0-0 8. 0-0 d6 9. Nbd2 cxd4 10. exd4 Nbd7 11. Re1 a6 12. a4 Re8 13. Qe2 Qc8 14. Bh2 Bc6 15. Ng5 Nf8 16. Nge4 Nxe4 17. Nxe4 Qd7 18. Bc2 b5 19. axb5 axb5 20. Bf4 Ng6 21. Bd2 Ra7 22. Bb3 Rea8 23. Rxa7 Qxa7 24. Ng5 Bxg5 25. Bxg5 b4 26. d5 exd5 27. cxb4 Qb7 28. Bd2 Ne5 29. Bc3 d4 30. Bxd4 Qxb4 31. Bxe5 dxe5 32. Rc1 Qxb3 33. Rxc6 Qd5 34. Rc1 f6 35. Qc4 Qxc4 36. Rxc4 Ra1+ 37. Kh2 Rb1 38. Rb4 g6 39. Rb7 f5 40. g3 Kf8 41. Kg2 Ke8 42. h4 h6 43. Rg7 g5 44. hxg5 hxg5 45. Rxg5 Rxb2 46. Rxf5 Re2 47. Kf1 Re4 48. f3 Re3 49. Kf2 Ra3 50. Rxe5+ Kf7 51. g4 Kf6 52. Rb5 Rc3 53. Kg3 Rc1 54. Rb6+ Kg7 55. f4 Rg1+ 56. Kh4 Rc1 57. Kg5 Rc5+ 58. f5 Rc4 59. Rb7+ Kg8 60. f6 1-0

[Event "EU-chT U18 Girls 3th"]
[Site "Balatonlelle"]
[Date "2002.06.13"]
[Round "1"]
[White "Simon, Zsuzsanna"]
[Black "Ciobanu, Camelia Adriana"]
[Result "1/2-1/2"]
[WhiteElo "2069"]
[BlackElo "2234"]
[PlyCount "81"]
[EventDate "2002.06.13"]
[EventType "team-swiss"]
[EventRounds "7"]
[EventCountry "HUN"]
[SourceTitle "EXT 2020"]
[Source "ChessBase"]
[SourceDate "2019.10.17"]
[SourceVersion "1"]
[SourceVersionDate "2019.10.17"]
[SourceQuality "1"]
[WhiteTeam "Hungary U18 (W)"]
[BlackTeam "Romania U18 (W)"]
[WhiteTeamCountry "HUN"]
[BlackTeamCountry "ROU"]

1. d4 Nf6 2. Nc3 d5 3. Bg5 Nbd7 4. Nf3 b6 5. e3 Bb7 6. Bd3 c5 7. 0-0 e6 8. Ne5 Be7 9. f4 0-0 10. Qe1 Ne4 11. Bxe7 Qxe7 12. Bxe4 dxe4 13. Nxd7 Qxd7 14. dxc5 bxc5 15. Rd1 Qc8 16. Rf2 Rd8 17. Rfd2 Qc7 18. Qf2 f5 19. Qe2 Kf7 20. Qb5 Ke7 21. Na4 Rxd2 22. Rxd2 c4 23. Rd4 Rc8 24. Qb4+ Kf7 25. Nc3 a6 26. Qd6 Qxd6 27. Rxd6 Bc6 28. Ne2 Ke7 29. Rd2 Rb8 30. c3 Bd5 31. Nd4 g6 32. Kf1 Rb7 33. Ke1 a5 34. Kd1 a4 35. Kc1 Rb6 36. Nc2 Rb5 37. g3 Kd6 38. Na3 Rc5 39. Nc2 Rb5 40. Na3 Rc5 41. Nc2 1/2-1/2

[Event "Sakktoto op 20th"]
[Site "Fuzesabony"]
[Date "2002.04.27"]
[Round "4.7"]
[White "Simon, Zsuzsanna"]
[Black "Barabas, Tibor"]
[Result "1-0"]
[WhiteElo "2069"]
[BlackElo "2158"]
[PlyCount "47"]
[EventDate "2002.04.26"]
[EventType "swiss"]
[EventRounds "7"]
[EventCountry "HUN"]
[SourceTitle "EXT 2004"]
[Source "ChessBase"]
[SourceDate "2003.11.25"]
[SourceVersion "1"]
[SourceVersionDate "2003.11.25"]
[SourceQuality "1"]

1. d4 d5 2. Nc3 Nf6 3. Bg5 Nbd7 4. Nf3 h6 5. Bh4 e6 6. Qd3 c5 7. e4 cxd4 8. Nxd4 Nc5 9. Qe3 g5 10. e5 Nfe4 11. Bg3 a6 12. f3 Nxc3 13. bxc3 Bd7 14. 0-0-0 Rc8 15. Qd2 b5 16. Kb1 Na4 17. f4 Qb6 18. fxg5 b4 19. Nb3 hxg5 20. Bf2 Qc7 21. Bd3 Rg8 22. Bd4 a5 23. Rdf1 Nb6 24. Qf2 1-0

[Event "HUN-chT2 0102"]
[Site "Hungary"]
[Date "2002.04.21"]
[Round "11"]
[White "Simon, Zsuzsanna"]
[Black "Nikoletti, Andras"]
[Result "0-1"]
[WhiteElo "2021"]
[BlackElo "2131"]
[PlyCount "58"]
[EventDate "2001.??.??"]
[EventType "team"]
[EventRounds "11"]
[EventCountry "HUN"]
[SourceTitle "EXT 2004"]
[Source "ChessBase"]
[SourceDate "2003.11.25"]
[SourceVersion "1"]
[SourceVersionDate "2003.11.25"]
[SourceQuality "1"]

1. d4 f5 2. Nc3 d5 3. Bf4 Nf6 4. e3 e6 5. Bd3 c5 6. Nf3 c4 7. Be2 Bb4 8. 0-0 Bxc3 9. bxc3 Ne4 10. Ne5 0-0 11. Qe1 Qa5 12. f3 Nxc3 13. Kh1 Qa3 14. e4 Nb5 15. Rd1 Nd7 16. g4 fxe4 17. fxe4 Nxe5 18. dxe5 Qc5 19. Bd2 Rxf1+ 20. Qxf1 Bd7 21. Qg1 d4 22. c3 Bc6 23. Bf3 Qxe5 24. cxd4 Nxd4 25. Bg2 Nb5 26. Qe3 Rd8 27. Rc1 Rd3 28. Qf4 Qd6 29. Qxd6 Nxd6 0-1

[Event "HUN-chT2 0102"]
[Site "Hungary"]
[Date "2002.04.07"]
[Round "10"]
[White "Kovacs, Janos"]
[Black "Simon, Zsuzsanna"]
[Result "1/2-1/2"]
[WhiteElo "2138"]
[BlackElo "2021"]
[PlyCount "95"]
[EventDate "2001.??.??"]
[EventType "team"]
[EventRounds "11"]
[EventCountry "HUN"]
[SourceTitle "EXT 2004"]
[Source "ChessBase"]
[SourceDate "2003.11.25"]
[SourceVersion "1"]
[SourceVersionDate "2003.11.25"]
[SourceQuality "1"]

1. d4 Nf6 2. c4 Nc6 3. Nf3 e6 4. d5 exd5 5. cxd5 Bb4+ 6. Nc3 Ne7 7. Bg5 Nexd5 8. Qb3 Bxc3+ 9. bxc3 d6 10. e4 Nb6 11. Bd3 0-0 12. 0-0 h6 13. Bh4 Be6 14. Qc2 Nbd7 15. Nd4 d5 16. Rad1 Qc8 17. exd5 Nxd5 18. Rfe1 Nc5 19. Bf5 Re8 20. Nxe6 fxe6 21. Rxd5 exf5 22. Rde5 Qd7 23. f3 b6 24. Rd1 Qa4 25. Qxa4 Nxa4 26. Rxf5 Nxc3 27. Rd7 Rf8 28. Rxf8+ Kxf8 29. Rxc7 Nxa2 30. Be7+ Ke8 31. Ba3 a5 32. Rb7 Ra6 33. Bb2 g6 34. Bd4 a4 35. Bxb6 a3 36. Bd4 Ra4 37. Bh8 Nb4 38. Kf2 a2 39. g4 Nc2 40. Rh7 a1Q 41. Bxa1 Rxa1 42. Rxh6 Kf7 43. Rh7+ Kf6 44. h4 Nd4 45. g5+ Ke5 46. h5 Ra2+ 47. Kf1 gxh5 48. Rxh5 1/2-1/2

[Event "HUN-ch U20 Girls"]
[Site "Paks"]
[Date "2002.03.29"]
[Round "4"]
[White "Simon, Zsuzsanna"]
[Black "Horvath, Reka"]
[Result "1-0"]
[WhiteElo "2041"]
[BlackElo "2052"]
[PlyCount "87"]
[EventDate "2002.03.27"]
[EventType "tourn"]
[EventRounds "9"]
[EventCountry "HUN"]
[SourceTitle "EXT 2004"]
[Source "ChessBase"]
[SourceDate "2003.11.25"]
[SourceVersion "1"]
[SourceVersionDate "2003.11.25"]
[SourceQuality "1"]

1. d4 Nf6 2. Nc3 d5 3. Bg5 Nbd7 4. Nf3 g6 5. e3 Bg7 6. Bd3 0-0 7. 0-0 c6 8. Qd2 Qb6 9. Rab1 e5 10. Nxe5 Nxe5 11. dxe5 Ng4 12. Na4 Qc7 13. f4 c5 14. Be2 Qc6 15. Nc3 Nxe3 16. Qxe3 d4 17. Qe4 dxc3 18. Qxc6 bxc6 19. bxc3 Be6 20. a4 Rfb8 21. Rfd1 c4 22. Rxb8+ Rxb8 23. Rd8+ Rxd8 24. Bxd8 Bf8 25. Kf2 Bc5+ 26. Ke1 Kf8 27. Bh4 Ke8 28. Bf2 Bb6 29. g4 Kd7 30. Bf3 Kc7 31. Bd4 c5 32. Be3 Bd7 33. Be2 Bxa4 34. Bxc4 Be8 35. Ke2 a5 36. Kd3 a4 37. f5 a3 38. Bc1 Kc6 39. Bxa3 Bc7 40. Ke4 Ba5 41. Bd5+ Kb6 42. Kd3 Bb5+ 43. c4 Ba4 44. Bxf7 1-0